LEADER 01696nam a2200361 a 4500 001 000000125876 003 CaOOAMICUS 005 20110706093425.0 008 110706s1984 it u000 u ita r 020 $a88-382-3515-5 040 $aPUL$bita 082 04$a320.01 100 1 $aRossi, Emilio,$d1923-2008.$0(OLS)http://pul/name/78710 245 13$aLa politica come follia :$bironia e verità di Pascal /$cEmilio Rossi. 260 $aRoma :$bEdizioni Studium,$c©1984. 300 $a177 p. ;$c19 cm 490 1 $aCoscienza del tempo ;$v8 504 $aBibliografia in nota. 600 14$aPascal, Blaise,$d1623-1662$xCritica e interpretazione.$0(OLS)http://pul/subject/2086 830 0$aCoscienza del tempo ;$v8.$0(OLS)http://pul/title/21995 850 $aPUL 852 $aPUL$W1$xDP1 Fondo E. Rossi$y115$m7 C 3$j30528$a3. copia$qFondi$B158519$CPULBib$Z2$F158519 $82 852 $aPUL$W1$xDP1 Fondo E. Rossi$y115$m4 A 28$j45268$a2. copia$qFondi$B157579$CPULBib$Z2$F157579 $82 852 $aPUL$W1$xSL Diritto e Scienze Sociali 3$y79$m320. 01 ROSEM 1$j144995$qDDC 21$B143996$CPULBib$Z2$F143996 $H117599 $82 852 $aPUL$W1$xDP1 Fondo E. Rossi$y115$m7 C 6$j158981$a4. copia$qFondi$B158522$CPULBib$Z2$F158522 $82 941 1 $a1 941 1 $a9 961 $aSul dorso collocazione ms. di E. Rossi: PAA 34 1 996 $6020$a88-382-3515-5$9(OLS)http://pul/number/147631 996 $6082$a320.01$9(OLS)http://pul/classification/475 996 $6245$aLa politica come follia :$bironia e verità di Pascal$9(OLS)http://pul/title/158850 996 $6260$aRoma :$bEdizioni Studium$9(OLS)http://pul/publisher/49092 LEADER 01277nam a2200313 a 4500 001 000000138769 003 CaOOAMICUS 005 20140611124702.0 008 140611s2012 ne u000 u eng r 020 $z9789004183469* 040 $aPUL$bita 082 04$a235.3 245 02$aA companion to angels in medieval philosophy /$cedited by Tobias Hoffmann. 260 $aLeiden ;$aBoston :$bBrill,$c©2012. 300 $a335 p. ;$c25 cm 490 1 $aBrill's companions to the Christian tradition ;$v35 500 $aInclude indice. 504 $aBibliografia p. [317]-330. 650 4$aAngeli.$0(OLS)http://pul/subject/1404 700 1 $aHoffmann, Tobias.$0(OLS)http://pul/name/49369 830 0$aBrill's companions to the christian tradition ;$v35.$0(OLS)http://pul/title/143217 850 $aPUL 852 $aPUL$W1$xSL Religione 3$y85$m235. 3 HOFTO 1$j160185$qDDC 21$B159634$CPULBib$Z2$F159634 $H124192 $82 941 1 $a9 996 $6020$z9789004183469*$9(OLS)http://pul/number/155491 996 $6082$a235.3$9(OLS)http://pul/classification/2314 996 $6245$aA companion to angels in medieval philosophy$9(OLS)http://pul/title/175690 996 $6260$aLeiden ;$aBoston :$bBrill$9(OLS)http://pul/publisher/68781